| 000 | 01372nam0a22002771 4500 | ||
|---|---|---|---|
| 001 | rc\2288624 | ||
| 005 | 20260407110806.0 | ||
| 035 | _a(NLR Aleph) 006465610 | ||
| 090 |
_a5881475 _c5881475 |
||
| 100 | _a20110829d1978 |||y0rusy50 ca | ||
| 101 | 0 | _arus | |
| 102 | _aRU | ||
| 105 | _ay c ||||| | ||
| 200 | 1 |
_aОпределение издержек на устранение последствий отказов тракторов _e(Врем. метод. указания) _fМ-во тракт. и с.-х. машиностроения, Всесоюз. об-ние "Союзсельхозтехника" Совета Министров СССР, М-во сел. хоз-ва СССР _g[Разраб. д. т. н. С.С. Дмитриченко, инж. В.П. Важдаев, к. т. н. С.Г. Стопалов и др.] |
|
| 210 |
_aМосква _cВИМ _d1978 |
||
| 215 |
_a20 с. _d20 |
||
| 320 | _aБиблиогр.: с. 17-18 | ||
| 702 | 1 |
_aСтопалов _bС.Г. _4570 |
|
| 702 | 1 |
_aВаждаев _bВ.П. _4570 |
|
| 702 | 1 |
_aДмитриченко _bС.С. _4570 |
|
| 712 | 0 | 1 |
_aСССР _bМинистерство тракторного и сельскохозяйственного машиностроения _3RU\NLR\AUTH\889938436 _9371716 |
| 801 | 0 |
_aRU _bNLR _gpsbo |
|
| 801 | 1 |
_aRU _bELAR _2rusmarc |
|
| 852 |
_aNLR _j78-4/26094 |
||
| 942 | _cBOOK | ||
| 980 | _aNB | ||